POCKET HANDBOOK OF CLINICAL PSYCHIATRY (Record no. 8481)

MARC details
000 -LEADER
fixed length control field 00363nam a22001577a 4500
003 - CONTROL NUMBER IDENTIFIER
control field SGT
020 ## - INTERNATIONAL STANDARD BOOK NUMBER
International Standard Book Number 978-81-8473-399-0
082 ## - DEWEY DECIMAL CLASSIFICATION NUMBER
Classification number 616.89, P14S
100 ## - MAIN ENTRY--PERSONAL NAME
Personal name SADOCK, BENJAMIN
245 ## - TITLE STATEMENT
Title POCKET HANDBOOK OF CLINICAL PSYCHIATRY
250 ## - EDITION STATEMENT
Edition statement 5TH
260 ## - PUBLICATION, DISTRIBUTION, ETC. (IMPRINT)
Place of publication, distribution, etc INDIA
Name of publisher, distributor, etc WOLTER KLUWER
Year of Publication 2014
300 ## - PAGE DESCRIPTION
No. of Pages 564
650 ## - SUBJECT ADDED ENTRY--TOPICAL TERM
Topical term or geographic name as entry element PSYCHIATRY
942 ## - ADDED ENTRY ELEMENTS (KOHA)
Source of classification or shelving scheme Dewey Decimal Classification
Koha item type Books
942 ## - ADDED ENTRY ELEMENTS (KOHA)
-- 11
Holdings
Withdrawn status Lost status Source of classification or shelving scheme Damaged status Not for loan Collection code Home library Current library Shelving location Date acquired Vendor Name Cost, normal purchase price SGTU Bill Number Total Checkouts Full call number Accession No. (Barcode) Date last seen Date last borrowed Bill Date Koha item type
    Dewey Decimal Classification     MEDICAL SGT Medical Library SGT Medical Library Text Book 16/03/2016 AHUJA BOOK COMPANY 825.00 SGTU 5978 5 616.89, P14S FM7524 19/09/2023 01/09/2023 14/08/2015 Books
    Dewey Decimal Classification     MEDICAL SGT Medical Library SGT Medical Library Text Book 16/03/2016 AHUJA BOOK COMPANY 825.00 SGTU 5978 9 616.89, P14S FM7525 01/09/2025 05/08/2025 14/08/2015 Books